00321nam a2200121Ia 4500008004100000041000800041082001200049100002200061245004500083260002900128300003100157365001100188240624s9999 xx 000 0 und d aeng a823 DAL aDALRYMPLE WILLIAM aNINE LIVES IN SEARCH OF THE SACRED IN MO c2009aLondonbBloomsbury axvi, : 284 : p. : cm. ; 24 cRSb20